<?xml version="1.0" encoding="UTF-8"?>
<record
    xmlns:xsi="http://www.w3.org/2001/XMLSchema-instance"
    xsi:schemaLocation="http://www.loc.gov/MARC21/slim http://www.loc.gov/standards/marcxml/schema/MARC21slim.xsd"
    xmlns="http://www.loc.gov/MARC21/slim">

  <leader>03476    a2200361   4500</leader>
  <controlfield tag="008">090905t        xxu||||| |||| 00| 0 hin d</controlfield>
  <datafield tag="010" ind1=" " ind2=" ">
    <subfield code="a">B-300402-412</subfield>
  </datafield>
  <datafield tag="020" ind1=" " ind2=" ">
    <subfield code="a">8186098623</subfield>
    <subfield code="c">500.00</subfield>
  </datafield>
  <datafield tag="035" ind1=" " ind2=" ">
    <subfield code="a">B-300402-412</subfield>
  </datafield>
  <datafield tag="037" ind1=" " ind2=" ">
    <subfield code="b">&#x92A;&#x93E;&#x92A;&#x941;&#x932;&#x930; &#x92C;&#x941;&#x915; &#x922;&#x93F;&#x92A;&#x94B;</subfield>
  </datafield>
  <datafield tag="040" ind1=" " ind2=" ">
    <subfield code="a">dpl</subfield>
    <subfield code="b">HIN</subfield>
  </datafield>
  <datafield tag="082" ind1=" " ind2=" ">
    <subfield code="a">616</subfield>
  </datafield>
  <datafield tag="100" ind1=" " ind2=" ">
    <subfield code="a">&#x917;&#x941;&#x92A;&#x94D;&#x924;&#x93E;, &#x930;&#x93E;&#x91C;&#x915;&#x941;&#x92E;&#x93E;&#x930;&#x940;</subfield>
  </datafield>
  <datafield tag="245" ind1=" " ind2=" ">
    <subfield code="a">&#x938;&#x93E;&#x92E;&#x93E;&#x928;&#x94D;&#x92F; &#x930;&#x94B;&#x917;&#x94B;&#x902; &#x915;&#x940; &#x938;&#x930;&#x932; &#x91A;&#x93F;&#x915;&#x93F;&#x924;&#x94D;&#x938;&#x93E;  /</subfield>
    <subfield code="c"> &#x930;&#x93E;&#x91C;&#x915;&#x941;&#x92E;&#x93E;&#x930;&#x940; &#x917;&#x941;&#x92A;&#x94D;&#x924;&#x93E; </subfield>
  </datafield>
  <datafield tag="260" ind1=" " ind2=" ">
    <subfield code="a">&#x91C;&#x92F;&#x92A;&#x941;&#x930;</subfield>
    <subfield code="b">&#x92A;&#x93E;&#x92A;&#x941;&#x932;&#x930; &#x92C;&#x941;&#x915; &#x921;&#x93F;&#x92A;&#x94B;</subfield>
    <subfield code="c">2008</subfield>
  </datafield>
  <datafield tag="260" ind1=" " ind2=" ">
    <subfield code="a">&#x91C;&#x92F;&#x92A;&#x941;&#x930;</subfield>
  </datafield>
  <datafield tag="270" ind1=" " ind2=" ">
    <subfield code="a">&#x91C;&#x940;-15,&#x90F;&#x938;.&#x90F;&#x938;.&#x91F;&#x949;&#x935;&#x930;,&#x927;&#x93E;&#x92E;&#x93E;&#x923;&#x940; &#x917;&#x932;&#x940;,&#x91A;&#x94C;&#x921;&#x93C;&#x93E; &#x930;&#x93E;&#x938;&#x94D;&#x924;&#x93E;</subfield>
    <subfield code="b">&#x91C;&#x92F;&#x92A;&#x941;&#x930;</subfield>
    <subfield code="e">302003</subfield>
  </datafield>
  <datafield tag="300" ind1=" " ind2=" ">
    <subfield code="a">443&#x92A;&#x943;</subfield>
    <subfield code="c">22&#x938;&#x947;&#x92E;&#x940; (&#x938;&#x91C;&#x93F;&#x932;&#x94D;&#x926;)</subfield>
  </datafield>
  <datafield tag="700" ind1=" " ind2=" ">
    <subfield code="a">&#x917;&#x941;&#x92A;&#x94D;&#x924;&#x93E;, &#x930;&#x93E;&#x91C;&#x915;&#x941;&#x92E;&#x93E;&#x930;&#x940;</subfield>
  </datafield>
  <datafield tag="942" ind1=" " ind2=" ">
    <subfield code="a">dpl</subfield>
    <subfield code="c">HN</subfield>
    <subfield code="2">ddc</subfield>
    <subfield code="h">616</subfield>
    <subfield code="m">&#x917;&#x941;&#x92A;&#x94D;&#x924;&#x93E;&#x930;&#x93E;</subfield>
  </datafield>
  <datafield tag="999" ind1=" " ind2=" ">
    <subfield code="c">12585</subfield>
    <subfield code="d">12585</subfield>
  </datafield>
  <datafield tag="952" ind1=" " ind2=" ">
    <subfield code="0">0</subfield>
    <subfield code="1">0</subfield>
    <subfield code="2">ddc</subfield>
    <subfield code="4">0</subfield>
    <subfield code="7">0</subfield>
    <subfield code="8">NFIC</subfield>
    <subfield code="a">L</subfield>
    <subfield code="b">L</subfield>
    <subfield code="d">2009-09-05</subfield>
    <subfield code="e">1273/24.9.08/334/4.9.08/3.10.08</subfield>
    <subfield code="g">500.00</subfield>
    <subfield code="l">0</subfield>
    <subfield code="o">616 &#x917;&#x941;&#x92A;&#x94D;&#x924;&#x93E;&#x930;&#x93E;</subfield>
    <subfield code="p">B-300402</subfield>
    <subfield code="r">2009-09-05 00:00:00</subfield>
    <subfield code="t">1</subfield>
    <subfield code="v">500.00</subfield>
    <subfield code="w">2009-09-05</subfield>
    <subfield code="y">CH</subfield>
  </datafield>
  <datafield tag="952" ind1=" " ind2=" ">
    <subfield code="0">0</subfield>
    <subfield code="1">0</subfield>
    <subfield code="2">ddc</subfield>
    <subfield code="4">0</subfield>
    <subfield code="7">0</subfield>
    <subfield code="8">NFIC</subfield>
    <subfield code="a">M</subfield>
    <subfield code="b">M</subfield>
    <subfield code="d">2009-09-05</subfield>
    <subfield code="e">1273/24.9.08/334/4.9.08/3.10.08</subfield>
    <subfield code="g">500.00</subfield>
    <subfield code="l">0</subfield>
    <subfield code="o">616 &#x917;&#x941;&#x92A;&#x94D;&#x924;&#x93E;&#x930;&#x93E;</subfield>
    <subfield code="p">B-300403</subfield>
    <subfield code="r">2009-09-05 00:00:00</subfield>
    <subfield code="t">2</subfield>
    <subfield code="v">500.00</subfield>
    <subfield code="w">2009-09-05</subfield>
    <subfield code="y">CH</subfield>
  </datafield>
  <datafield tag="952" ind1=" " ind2=" ">
    <subfield code="0">0</subfield>
    <subfield code="1">0</subfield>
    <subfield code="2">ddc</subfield>
    <subfield code="4">0</subfield>
    <subfield code="7">0</subfield>
    <subfield code="8">NFIC</subfield>
    <subfield code="a">M</subfield>
    <subfield code="b">M</subfield>
    <subfield code="d">2009-09-05</subfield>
    <subfield code="e">1273/24.9.08/334/4.9.08/3.10.08</subfield>
    <subfield code="g">500.00</subfield>
    <subfield code="l">0</subfield>
    <subfield code="o">616 &#x917;&#x941;&#x92A;&#x94D;&#x924;&#x93E;&#x930;&#x93E;</subfield>
    <subfield code="p">B-300404</subfield>
    <subfield code="r">2009-09-05 00:00:00</subfield>
    <subfield code="t">2</subfield>
    <subfield code="v">500.00</subfield>
    <subfield code="w">2009-09-05</subfield>
    <subfield code="y">CH</subfield>
  </datafield>
  <datafield tag="952" ind1=" " ind2=" ">
    <subfield code="0">0</subfield>
    <subfield code="1">0</subfield>
    <subfield code="2">ddc</subfield>
    <subfield code="4">0</subfield>
    <subfield code="7">0</subfield>
    <subfield code="8">NFIC</subfield>
    <subfield code="a">NPL</subfield>
    <subfield code="b">NPL</subfield>
    <subfield code="d">2009-09-05</subfield>
    <subfield code="e">1273/24.9.08/334/4.9.08/3.10.08</subfield>
    <subfield code="g">500.00</subfield>
    <subfield code="l">0</subfield>
    <subfield code="o">616 &#x917;&#x941;&#x92A;&#x94D;&#x924;&#x93E;&#x930;&#x93E;</subfield>
    <subfield code="p">B-300405</subfield>
    <subfield code="r">2009-09-05 00:00:00</subfield>
    <subfield code="t">1</subfield>
    <subfield code="v">500.00</subfield>
    <subfield code="w">2009-09-05</subfield>
    <subfield code="y">CH</subfield>
  </datafield>
  <datafield tag="952" ind1=" " ind2=" ">
    <subfield code="0">0</subfield>
    <subfield code="1">0</subfield>
    <subfield code="2">ddc</subfield>
    <subfield code="4">0</subfield>
    <subfield code="7">0</subfield>
    <subfield code="8">NFIC</subfield>
    <subfield code="a">BL1</subfield>
    <subfield code="b">BL1</subfield>
    <subfield code="d">2009-09-05</subfield>
    <subfield code="e">1273/24.9.08/334/4.9.08/3.10.08</subfield>
    <subfield code="g">500.00</subfield>
    <subfield code="l">0</subfield>
    <subfield code="o">616 &#x917;&#x941;&#x92A;&#x94D;&#x924;&#x93E;&#x930;&#x93E;</subfield>
    <subfield code="p">B-300406</subfield>
    <subfield code="r">2009-09-05 00:00:00</subfield>
    <subfield code="t">1</subfield>
    <subfield code="v">500.00</subfield>
    <subfield code="w">2009-09-05</subfield>
    <subfield code="y">CH</subfield>
  </datafield>
  <datafield tag="952" ind1=" " ind2=" ">
    <subfield code="0">0</subfield>
    <subfield code="1">0</subfield>
    <subfield code="2">ddc</subfield>
    <subfield code="4">0</subfield>
    <subfield code="7">0</subfield>
    <subfield code="8">NFIC</subfield>
    <subfield code="a">ZLS</subfield>
    <subfield code="b">ZLS</subfield>
    <subfield code="d">2009-09-05</subfield>
    <subfield code="e">1273/24.9.08/334/4.9.08/3.10.08</subfield>
    <subfield code="g">500.00</subfield>
    <subfield code="l">0</subfield>
    <subfield code="o">616 &#x917;&#x941;&#x92A;&#x94D;&#x924;&#x93E;&#x930;&#x93E;</subfield>
    <subfield code="p">B-300407</subfield>
    <subfield code="r">2014-10-01 00:00:00</subfield>
    <subfield code="t">1</subfield>
    <subfield code="v">500.00</subfield>
    <subfield code="w">2009-09-05</subfield>
    <subfield code="y">CH</subfield>
  </datafield>
  <datafield tag="952" ind1=" " ind2=" ">
    <subfield code="0">0</subfield>
    <subfield code="1">0</subfield>
    <subfield code="2">ddc</subfield>
    <subfield code="4">0</subfield>
    <subfield code="7">0</subfield>
    <subfield code="8">NFIC</subfield>
    <subfield code="a">RKP</subfield>
    <subfield code="b">RKP</subfield>
    <subfield code="d">2009-09-05</subfield>
    <subfield code="e">1273/24.9.08/334/4.9.08/3.10.08</subfield>
    <subfield code="g">500.00</subfield>
    <subfield code="l">0</subfield>
    <subfield code="o">616 &#x917;&#x941;&#x92A;&#x94D;&#x924;&#x93E;&#x930;&#x93E;</subfield>
    <subfield code="p">B-300408</subfield>
    <subfield code="r">2009-09-05 00:00:00</subfield>
    <subfield code="t">1</subfield>
    <subfield code="v">500.00</subfield>
    <subfield code="w">2009-09-05</subfield>
    <subfield code="y">CH</subfield>
  </datafield>
  <datafield tag="952" ind1=" " ind2=" ">
    <subfield code="0">0</subfield>
    <subfield code="1">0</subfield>
    <subfield code="2">ddc</subfield>
    <subfield code="4">0</subfield>
    <subfield code="7">0</subfield>
    <subfield code="8">NFIC</subfield>
    <subfield code="a">QRP</subfield>
    <subfield code="b">QRP</subfield>
    <subfield code="d">2009-09-05</subfield>
    <subfield code="e">1273/24.9.08/334/4.9.08/3.10.08</subfield>
    <subfield code="g">500.00</subfield>
    <subfield code="l">0</subfield>
    <subfield code="o">616 &#x917;&#x941;&#x92A;&#x94D;&#x924;&#x93E;&#x930;&#x93E;</subfield>
    <subfield code="p">B-300409</subfield>
    <subfield code="r">2014-06-16 00:00:00</subfield>
    <subfield code="t">1</subfield>
    <subfield code="v">500.00</subfield>
    <subfield code="w">2009-09-05</subfield>
    <subfield code="y">CH</subfield>
  </datafield>
  <datafield tag="952" ind1=" " ind2=" ">
    <subfield code="0">0</subfield>
    <subfield code="1">0</subfield>
    <subfield code="2">ddc</subfield>
    <subfield code="4">0</subfield>
    <subfield code="7">0</subfield>
    <subfield code="8">NFIC</subfield>
    <subfield code="a">BL3</subfield>
    <subfield code="b">BL3</subfield>
    <subfield code="d">2009-09-05</subfield>
    <subfield code="e">1273/24.9.08/334/4.9.08/3.10.08</subfield>
    <subfield code="g">500.00</subfield>
    <subfield code="l">0</subfield>
    <subfield code="o">616 &#x917;&#x941;&#x92A;&#x94D;&#x924;&#x93E;&#x930;&#x93E;</subfield>
    <subfield code="p">B-300410</subfield>
    <subfield code="r">2009-09-05 00:00:00</subfield>
    <subfield code="t">1</subfield>
    <subfield code="v">500.00</subfield>
    <subfield code="w">2009-09-05</subfield>
    <subfield code="y">CH</subfield>
  </datafield>
  <datafield tag="952" ind1=" " ind2=" ">
    <subfield code="0">0</subfield>
    <subfield code="1">0</subfield>
    <subfield code="2">ddc</subfield>
    <subfield code="4">0</subfield>
    <subfield code="7">0</subfield>
    <subfield code="8">NFIC</subfield>
    <subfield code="a">BL4</subfield>
    <subfield code="b">BL4</subfield>
    <subfield code="d">2009-09-05</subfield>
    <subfield code="e">1273/24.9.08/334/4.9.08/3.10.08</subfield>
    <subfield code="g">500.00</subfield>
    <subfield code="l">0</subfield>
    <subfield code="o">616 &#x917;&#x941;&#x92A;&#x94D;&#x924;&#x93E;&#x930;&#x93E;</subfield>
    <subfield code="p">B-300411</subfield>
    <subfield code="r">2009-09-05 00:00:00</subfield>
    <subfield code="t">1</subfield>
    <subfield code="v">500.00</subfield>
    <subfield code="w">2009-09-05</subfield>
    <subfield code="y">CH</subfield>
  </datafield>
  <datafield tag="952" ind1=" " ind2=" ">
    <subfield code="0">0</subfield>
    <subfield code="1">0</subfield>
    <subfield code="2">ddc</subfield>
    <subfield code="4">0</subfield>
    <subfield code="7">0</subfield>
    <subfield code="8">NFIC</subfield>
    <subfield code="a">YV</subfield>
    <subfield code="b">YV</subfield>
    <subfield code="d">2009-09-05</subfield>
    <subfield code="e">1273/24.9.08/334/4.9.08/3.10.08</subfield>
    <subfield code="g">500.00</subfield>
    <subfield code="l">0</subfield>
    <subfield code="o">616 &#x917;&#x941;&#x92A;&#x94D;&#x924;&#x93E;&#x930;&#x93E;</subfield>
    <subfield code="p">B-300412</subfield>
    <subfield code="r">2009-09-05 00:00:00</subfield>
    <subfield code="t">1</subfield>
    <subfield code="v">500.00</subfield>
    <subfield code="w">2009-09-05</subfield>
    <subfield code="y">CH</subfield>
  </datafield>
</record>
